000 00421nam a2200181Ia 4500
001 15506
005 20260306170201.0
008 260306t2016||||xx |||||||||||||| ||und||
041 _aESP
082 _a541.369
_bB141
100 _aBhattacharjee, Subrata
_eAUT
245 0 _aTermodinámica
260 _c2016
300 _axx, 696 páginas :
_c27 cm.
650 _aGEN
654 _aCCN
942 _cLIB
_dJUS
_fJUS
_2ddc
_n
999 _c15506
_d15506